=LDR 00000nam 2200000 4500 =001 INLIS000000000028121 =005 20130612130440 =008 ***********************************Ind** =035 ##$$0010-061300000028121 =041 ##$$a Ind =082 ##$$a 663.64 =090 ##$$a 663.64, San s =100 ##$$a Santoso, Hiernymus Budi =245 ##$$a Susu dan yoghurt kedelai, oleh Ir. Hiernymus Budi Santroso =260 ##$$a 1994 $b Yogyakarta =300 ##$$a 44 hlm, 17 cm =650 ##$$a Susu Kedelai =850 ##$$a NBPNMAT